MARC

LEADER 00000nam0a2200000 4500
001 312696
005 20231102002517.0
035 |a (RuTPU)RU\TPU\book\338066 
090 |a 312696 
100 |a 20151225d1981 k y0rusy50 ca 
101 0 |a rus 
102 |a UZ 
105 |a a z 001zy 
200 1 |a Минералогические, геохимические и петрологические исследования на территории Узбекистана  |e сборник  |f Ташкентский государственный университет ; под ред. Б. Ф. Василевского 
210 |a Ташкент  |c Изд-во Тверского гос. ун-та  |d 1981 
215 |a 100 с.  |c ил. 
225 1 |a Сборник научных трудов  |v № 658 
320 |a Библиогр. в конце ст. 
606 1 |a Минералогия  |y Узбекистан  |2 stltpush  |3 (RuTPU)RU\TPU\subj\72190  |9 85762 
606 1 |a Геохимия  |2 stltpush  |3 (RuTPU)RU\TPU\subj\6296  |9 34219 
606 1 |a Петрография  |2 stltpush  |3 (RuTPU)RU\TPU\subj\48701  |9 67549 
610 1 |a Узбекистан 
610 1 |a математические модели 
610 1 |a петрографическая характеристика 
610 1 |a акцессорные минералы 
610 1 |a акцессорные минералы 
610 1 |a граниты 
610 1 |a рассеянные элементы 
675 |a 549(575)  |v 4 
675 |a 550.4  |v 4 
675 |a 552  |v 4 
702 1 |a Василевский  |b Б. Ф.  |4 340 
712 0 2 |a Ташкентский государственный университет  |2 stltpush  |3 (RuTPU)RU\TPU\col\10690  |9 24904 
801 1 |a RU  |b 63413507  |c 20151225 
801 2 |a RU  |b 63413507  |c 20211220  |g RCR 
942 |c BK